00527nam a22001812 4500001001100000005001700011008004100028020002300069040001500092100002900107245006400136250001300200260003800213300001600251650004000267700003500307852000300342000002011020151217154438.0110704s xx 000 0 eng d a0064550168 :cKABU aKABUcKABU1 aKapit, Wynn.@000012385014aThe Anatomy coloring book /cWynn Kapit, Lawrence M. Elson. a2nd ed. aNew York :bHarperCollins,c1993. aix, 161 p. 0aHuman anatomyxAtlases.@00001801881 aElson, Lawrence M.@00001801891